LEADER 00950nam1 2200337 4500 001 990000912270203316 035 $a0091227 035 $aUSA010091227 035 $a(ALEPH)000091227USA01 035 $a0091227 100 $a20020128d1976----km-y0ENGy0103----ba 101 $aeng 102 $aGB 200 1 $a<> history of modern poetry$fDavid Perkins 210 $aCambridge$cHarvard university press$dc1976-1987 215 $a2 v.$d22 cm 410 $12001 606 $aPoesia inglese$zSec. 19.-20. 676 $a821.809 700 1$aPERKINS,$bDavid$0458138 801 0$aIT$bsalbc$gISBD 912 $a990000912270203316 951 $aII i B 1267$bLM$cII i B 959 $aBK 969 $aUMA 979 $aPATTY$b90$c20020128$lUSA01$h1310 979 $aPATTY$b90$c20020128$lUSA01$h1310 979 $c20020403$lUSA01$h1735 979 $aPATRY$b90$c20040406$lUSA01$h1703 996 $aHistory of modern poetry$9971178 997 $aUNISA LEADER 01112nam0-22003971i-450- 001 990003020340403321 010 $a0-521-33464 035 $a000302034 035 $aFED01000302034 035 $a(Aleph)000302034FED01 035 $a000302034 100 $a20000920d1987----km-y0itay50------ba 101 0 $aeng 102 $aIT 200 1 $aBritain's Productivity Gap$fStephen Davies and Richard E. Caves. 205 $a1.st ed. 210 $aCambridge$cCambridge University Press$d1987. 215 $aXIV, 131 p.$d22 cm 225 1 $aNational Institute of Economic and Social Research$eOccasional Paper$v40 300 $a 610 0 $aGran Bretagna 610 0 $aPolitica della produttivitą industriale 610 0 $aStati Uniti 676 $aF/1.221 676 $aF/1.402 676 $aH/2.113 702 1$aCaves,$bRichard E. 702 1$aDavies,$bStephen W. 801 0$aIT$bUNINA$gRICA$2UNIMARC 901 $aBK 912 $a990003020340403321 952 $aF/1402 DAV$b4515$fSES 959 $aSES 996 $aBritain's Productivity Gap$9467372 997 $aUNINA DB $aING01